[Event "AUTO-OPEN-3221"]
[Site "http://www.queenalice.com/game.php?id=1268532"]
[Date "2014.3.27"]
[Round "1"]
[White "gerfferson"]
[Black "kaikovisk"]
[Result "1-0"]
[WhiteElo "1816"]
[BlackElo "1799"]

1. d4 d5 2. Nf3 Nf6 3. Bf4 e6 4. e3 Be7 5. Bd3 c5 6. Ne5 O-O 7. c3 Nc6 8. Nd2
Nd7 9. Qf3 c4 10. Bc2 f5 11. g4 g5 12. Bg3 Ndxe5 13. dxe5 f4 14. exf4 Nxe5 15.
Qe3 Nxg4 16. Qe2 h5 17. fxg5 Bxg5 18. h3 Nf6 19. Nf3 Nh7 20. Rg1 Kh8 21. Nxg5
Qxg5 22. Be5+ 1-0

[Event "AUTO-INT-2829"]
[Site "http://www.queenalice.com/game.php?id=1268619"]
[Date "2014.3.28"]
[Round "1"]
[White "gremioimortal"]
[Black "kaikovisk"]
[Result "0-1"]
[WhiteElo "1440"]
[BlackElo "1691"]

1. e4 e5 2. Qh5 Nc6 3. Bc4 g6 4. Qf3 Nf6 5. c3 Bg7 6. Nh3 O-O 7. Ng5 h6 8. Nh3
Na5 9. d3 Nxc4 10. dxc4 d6 11. Ng1 Be6 12. b3 Nd7 13. g4 Qh4 14. h3 f5 15. g5
fxe4 16. Qxe4 Qxe4+ 0-1

[Event "AUTO-INT-2829"]
[Site "http://www.queenalice.com/game.php?id=1268620"]
[Date "2014.3.28"]
[Round "1"]
[White "kaikovisk"]
[Black "gremioimortal"]
[Result "1-0"]
[WhiteElo "1660"]
[BlackElo "1447"]

1. e4 e5 2. Nf3 Qf6 3. Nc3 c6 4. d4 h6 5. Nxe5 a6 6. Bc4 d5 7. exd5 c5 8. O-O
Bd6 9. Ne4 Qe7 10. Nxd6+ Qxd6 11. Bf4 Qb6 12. Re1 f6 13. Qh5+ Kd8 14. Nc6+ bxc6
15. Qe8# 1-0

[Event "AUTO-INT-2829"]
[Site "http://www.queenalice.com/game.php?id=1268633"]
[Date "2014.3.28"]
[Round "1"]
[White "Nelsonbento"]
[Black "kaikovisk"]
[Result "0-1"]
[WhiteElo "1550"]
[BlackElo "1719"]

1. b3 d5 2. d4 e6 3. g4 c5 4. Bb2 Nf6 5. e3 Nc6 6. Bg2 b6 7. Ne2 Be7 8. Qd3 Bb7
9. Na3 Nb4 10. Qd2 Ba6 11. c3 Nd3+ 12. Kf1 Nxg4 13. c4 Ndxf2 14. Rg1 Bh4 15. h3
Nh2+ 16. Ke1 Ne4+ 17. Kd1 Nxd2 18. Kxd2 Qg5 19. dxc5 Bf2 20. Bxd5 Qxe3+ 21. Kc2
Qxe2+ 22. Kc3 bxc5 23. Nc2 exd5 24. Rxg7 d4+ 25. Nxd4 Bxd4# 0-1

[Event "AUTO-INT-2829"]
[Site "http://www.queenalice.com/game.php?id=1268634"]
[Date "2014.3.28"]
[Round "1"]
[White "kaikovisk"]
[Black "Nelsonbento"]
[Result "1-0"]
[WhiteElo "1647"]
[BlackElo "1563"]

1. e4 d5 2. exd5 Qxd5 3. d4 Nc6 4. Nf3 h6 5. c4 Qe6+ 6. Be3 g5 7. d5 Qf6 8. dxc6
Qxb2 9. Bd4 Qb4+ 10. Bc3 Qd6 11. Qxd6 exd6 12. cxb7 Bxb7 13. Bxh8 f6 14. Bd3 Be7
15. O-O Bd8 16. Bg6+ Kf8 17. Re1 Ne7 18. Bh5 Nf5 19. Re8# 1-0

[Event "AUTO-INT-2829"]
[Site "http://www.queenalice.com/game.php?id=1268641"]
[Date "2014.3.28"]
[Round "1"]
[White "FisicaModerna"]
[Black "kaikovisk"]
[Result "0-1"]
[WhiteElo "1246"]
[BlackElo "1747"]

1. e4 e5 2. Nf3 Nc6 3. Nc3 Nf6 4. d4 exd4 5. Nxd4 Nxd4 6. Qxd4 d6 7. Bg5 Be7 8.
Nd5 c5 9. Qd2 Nxd5 10. Bxe7 Nxe7 11. Bc4 O-O 12. O-O Be6 0-1

[Event "AUTO-INT-2829"]
[Site "http://www.queenalice.com/game.php?id=1268642"]
[Date "2014.3.28"]
[Round "1"]
[White "kaikovisk"]
[Black "FisicaModerna"]
[Result "0-1"]
[WhiteElo "1693"]
[BlackElo "1539"]

1. e4 c6 2. d4 d5 3. Nc3 dxe4 4. Nxe4 Bf5 5. Ng3 Bg6 6. h4 h6 7. h5 Bh7 8. Nf3
Nd7 9. Bd3 Bxd3 10. Qxd3 e6 11. Bf4 Qb6 12. O-O-O O-O-O 13. Qb3 Qxb3 14. axb3
Ngf6 15. Ne5 Nxe5 16. Bxe5 Be7 17. Bxf6 Bxf6 18. c3 Bg5+ 19. Kc2 Kc7 20. Ne4 Be7
21. f3 f5 22. Nf2 Rd6 23. Nh3 Rhd8 0-1

[Event "AUTO-ADV-3110"]
[Site "http://www.queenalice.com/game.php?id=1268655"]
[Date "2014.3.28"]
[Round "1"]
[White "kaikovisk"]
[Black "duschgel"]
[Result "0-1"]
[WhiteElo "1451"]
[BlackElo "2127"]

1. e4 c6 2. d4 d5 3. Nc3 g6 4. exd5 cxd5 5. Nf3 Bg4 6. Be2 Bg7 7. Bf4 Nf6 8. O-O
O-O 9. h3 Bxf3 10. Bxf3 e6 0-1

[Event "AUTO-ADV-3110"]
[Site "http://www.queenalice.com/game.php?id=1268657"]
[Date "2014.3.28"]
[Round "1"]
[White "kaikovisk"]
[Black "grautvornix"]
[Result "0-1"]
[WhiteElo "1399"]
[BlackElo "1813"]

1. e4 d6 2. d4 g6 3. Nc3 a6 4. Nf3 Bg7 5. Bf4 e6 6. Bc4 Ne7 7. O-O Nd7 8. Qd2 h6
9. a4 g5 10. Bg3 Ng6 11. d5 e5 12. b4 Nf4 13. h3 Nf6 14. b5 O-O 0-1

[Event "AUTO-ADV-3110"]
[Site "http://www.queenalice.com/game.php?id=1268658"]
[Date "2014.3.28"]
[Round "1"]
[White "grautvornix"]
[Black "kaikovisk"]
[Result "1-0"]
[WhiteElo "1811"]
[BlackElo "1401"]

1. Nf3 Nf6 2. b4 d5 3. Bb2 e6 4. a3 Be7 5. d3 a5 6. c3 axb4 7. axb4 Rxa1 8. Bxa1
O-O 9. Nbd2 c5 10. b5 b6 11. g3 Bd7 12. Bg2 Qc7 13. O-O Bxb5 14. Qb1 Nc6 15.
Qxb5 1-0

[Event "AUTO-ADV-3110"]
[Site "http://www.queenalice.com/game.php?id=1268659"]
[Date "2014.3.28"]
[Round "1"]
[White "kaikovisk"]
[Black "marcoswerneck"]
[Result "0-1"]
[WhiteElo "1491"]
[BlackElo "1809"]

1. e4 e5 2. Nf3 d6 3. d4 Bg4 4. dxe5 Bxf3 5. Qxf3 dxe5 6. Nc3 Bb4 7. Bc4 Bxc3+
8. Qxc3 Qe7 9. Be3 Nc6 10. O-O-O Nf6 11. f3 O-O 12. h4 a6 13. h5 h6 14. g4 b5
15. Bb3 Nd4 16. Bxd4 exd4 17. Qxd4 Rad8 18. Qe3 a5 19. a3 c5 0-1

[Event "AUTO-ADV-3110"]
[Site "http://www.queenalice.com/game.php?id=1268660"]
[Date "2014.3.28"]
[Round "1"]
[White "marcoswerneck"]
[Black "kaikovisk"]
[Result "1-0"]
[WhiteElo "1812"]
[BlackElo "1488"]

1. e4 e5 2. d3 Nc6 3. Nf3 Nf6 4. a3 d5 5. Bg5 Be7 6. Bxf6 Bxf6 7. Be2 d4 8. Nbd2
O-O 9. h4 Bg4 10. Nh2 Bxe2 11. Qxe2 Ne7 12. h5 h6 13. O-O-O c5 14. g4 b5 15.
Nhf3 b4 16. a4 Nc8 17. b3 Re8 18. Kb2 Nb6 19. g5 Bxg5 20. Nxg5 1-0